000 01552 a2200241 4500
001 21557
005 20260407155506.0
008 260407a2010 arg spa d
003 AR-UNSa-BCEJYS
040 _aAR-UNSa-BCEJYS
_bspa
_cAR-UNSa-BCEJYS
080 _a336.233
_xTipos de contribución. Contribuciones a la Seguridad Social
245 1 0 _aProcedimiento tributario y de la seguridad social
_pLey 11.683 (t.o. 1998), Decreto reglamentario 1397/79, Régimen penal tributario y previsional (Ley 24.769)
020 _a978-950-20-2072-3
250 _a11a. ed.
264 1 _aBuenos Aires :
_bAbeledo Perrot
_c2010
300 _axliv, 871 p.
_c24 cm.
505 _a1. Disposiciones generales - 2. Sujetos de los deberes impositivos - 3. Determinación y percepción de impuestos - 4. Del pago - 5. Verificación y fiscalización - 6. Intereses, ilicitos y sanciones - 7. Responsables de las sanciones - 8. De la prescripción - 9. Procedimiento penal y contencioso-administrativo - 10. Procedimiento contencioso-judicial - 11. Juicio de ejecución fiscal - 12. Disposiciones varias - 13. Régimen especial de fiscalización (derogado) presunción de exactitud - 14. Cuenta de jerarquización - 15. Régimen de actualización - 16. Regimenes de promoción.
942 _cBK
590 _aniveau_biblio:m niveau_hierar:0
100 1 _aGiuliani Fonrouge, Carlos M.
700 1 _aNavarrine, Susana Camila
856 4 1 _uhttps://biblioeco.unsa.edu.ar/pmb/images/libros/Procedimiento Tributario y de la Seguridad Social2.jpg
_yImagen de portada
_qimage/jpeg
999 _c821
_d821